| 000 | 01070cam a2200313 a 4500 | ||
|---|---|---|---|
| 999 |
_c328635 _d328635 |
||
| 001 | 14977618 | ||
| 003 | Nust | ||
| 005 | 20170412161210.0 | ||
| 008 | 070823s2007 nyu 000 1 eng d | ||
| 010 | _a 2007298984 | ||
| 020 | _a9780060834869 (hardcover) | ||
| 020 | _a0060834862 (hardcover) | ||
| 035 | _a(OCoLC)ocn162106651 | ||
| 035 | _a(OCoLC)162106651 | ||
| 040 |
_aNPUBL _cNPUBL _dNPUBL _dBAKER _dYDXCP _dDLC |
||
| 042 | _alccopycat | ||
| 050 | 0 | 0 |
_aPR6023.E833 _bC57 2007b |
| 082 | 0 | 0 |
_a823.914 LES _222 |
| 100 | 1 |
_aLessing, Doris, _d1919-2013. |
|
| 245 | 1 | 4 |
_aThe cleft / _cDoris Lessing. |
| 250 | _a1st U.S. ed. | ||
| 260 |
_aNew York : _bHarperCollins, _cc2007. |
||
| 300 |
_a260 p. ; _c22 cm. |
||
| 650 | 0 |
_aSex (Psychology) _vFiction. |
|
| 650 | 0 |
_aCreation _vFiction. |
|
| 650 | 0 |
_aWomen _vFiction. |
|
| 655 | 7 |
_aFantasy fiction. _2gsafd |
|
| 906 |
_a7 _bcbc _ccopycat _d2 _encip _f20 _gy-gencatlg |
||
| 942 |
_2ddc _cBK |
||